Statistics for Anime: Attack on Titan Character Trivia Quiz

Click here to take the quiz!

General Stats

  • This quiz has been taken 1,793 times
    (1,653 since last reset)
  • The average score is 7 of 11

Answer Stats

Trivia QuestionAnswer% Correct
Who is said to cut their own hair?Levi Ackerman
96%
Who doesnt have a confirmed gender in the manga?Hanji Zoe
83%
Who is called a 'problem child' by their mother?Jean Kirchstein
75%
Who is the shortest soldier?Krista Lenz
65%
Isayama revealed whose nickname as a child was "Eyebrow"?Erwin Smith
62%
Who was only called 'freckles' in the first season?Ymir
59%
Who did Isayama reveal to have the habit of sleep talking, sometimes murmuring "whoosh" when they dream of practicing kicks on trees.Annie Leonhart
54%
Who saved hundereds of lives from a plauge that hit the Shiganshina District?Grisha Jeager
53%
Who said that they wouldnt mind being eaten by a titan if "it happened to be a stunning beauty"?Dot Pixis
43%
Who apparently cried and soiled themselves during their first expedition?Petra Ral
41%
Who is under Erwin's command, yet older than him?Mike Zacharius
31%

Score Distribution

Percentile by Number Answered

Percent of People with Each Score

Your Score History

You have not taken this quiz since the last reset